| 000 | 00406nam a2200145Ia 4500 | ||
|---|---|---|---|
| 008 | 151021s9999 xx 000 0 und d | ||
| 020 | _a9.7881317243e+012 | ||
| 050 | _aTX6570.56M5882003 | ||
| 245 | _a_Mobile Communications(2nd ed.) | ||
| 260 | _aIndia Pearson 2003 | ||
| 300 | _axix,492p;ill. | ||
| 500 | _aIncludes index | ||
| 650 | _a_Mobile communications | ||
| 980 | _a^d20110120 03:42:42^okorir | ||
| 999 |
_c6300 _d6300 |
||